Normal view
MARC view
- الكعبي،نعمة شلبية، م.مشارك مؤيد عبد سعيد السامرائي
Entry Personal Name
001 - CONTROL NUMBER
- control field: 45762
003 - CONTROL NUMBER IDENTIFIER
- control field: JO-AjAnu
005 - DATE AND TIME OF LATEST TRANSACTION
- control field: 20230606081552.0
008 - FIXED-LENGTH DATA ELEMENTS
- fixed length control field: 230606|| aca||aabn | a|a d
040 ## - CATALOGING SOURCE
- Original cataloging agency: JO-AjAnu
- Transcribing agency: JO-AjAnu
100 ## - HEADING--PERSONAL NAME
- Personal name: الكعبي،نعمة شلبية، م.مشارك مؤيد عبد سعيد السامرائي
670 ## - SOURCE DATA FOUND
- Source citation: Work cat.: (JO-AjAnu)23428: الكعبي،نعمة شلبية، م.مشارك مؤيد عبد سعيد السامرائي, author, ادارة الافراد:مدخل تطبيقي